BANKING LAW AND PRACTICE (Record no. 9185)

MARC details
000 -LEADER
fixed length control field 00495nam a22001577a 4500
003 - CONTROL NUMBER IDENTIFIER
control field SGT
020 ## - INTERNATIONAL STANDARD BOOK NUMBER
International Standard Book Number 9788127264086
082 ## - DEWEY DECIMAL CLASSIFICATION NUMBER
Classification number 346,MAH
100 ## - MAIN ENTRY--PERSONAL NAME
Personal name MAHESHWARI
245 ## - TITLE STATEMENT
Title BANKING LAW AND PRACTICE
260 ## - PUBLICATION, DISTRIBUTION, ETC. (IMPRINT)
Place of publication, distribution, etc NEW DELHI
Name of publisher, distributor, etc KALYANI'S
Year of Publication 2014
300 ## - PAGE DESCRIPTION
No. of Pages V.P
650 ## - SUBJECT ADDED ENTRY--TOPICAL TERM
Topical term or geographic name as entry element PRIVATE LAW
653 ## - KEYWORDS--INDEX TERM
Keyword term INTRODUCTORY,LAW : RELATING TO NEGOTIABLE INSTRUMENTS,BANKER AND CUSTOMER,EMPLOYMENT OF BANK'S FUND,FINANCING SPECIFIC SECTORS,CREDIT,MANAGEMENT,FINANCIAL TOOLS,APPENDICES
942 ## - ADDED ENTRY ELEMENTS (KOHA)
Source of classification or shelving scheme Dewey Decimal Classification
Koha item type FCM Books
Holdings
Withdrawn status Lost status Source of classification or shelving scheme Damaged status Not for loan Collection code Home library Current library Shelving location Date acquired Vendor Name Cost, normal purchase price SGTU Bill Number Total Checkouts Total Renewals Full call number Accession No. (Barcode) Date last seen Date last borrowed Bill Date Koha item type
    Dewey Decimal Classification     COMMERCE MANAGEMENT SGT Science & Social Sciences Library SGT Science & Social Sciences Library Text Book 22/06/2016 UBSPD 275.00 SGTU 371551 19 1 346,MAH CM439 27/01/2021 04/01/2021 26/03/2014 FCM Books
    Dewey Decimal Classification   Not For Loan COMMERCE MANAGEMENT SGT Science & Social Sciences Library SGT Science & Social Sciences Library Reference Book 22/06/2016 UBSPD 275.00 SGTU 371551     346,MAH CM440 22/06/2016   26/03/2014 FCM Books
    Dewey Decimal Classification     COMMERCE MANAGEMENT SGT Science & Social Sciences Library SGT Science & Social Sciences Library Text Book 22/06/2016 UBSPD 275.00 SGTU 371551 12   346,MAH CM441 09/01/2021 03/03/2020 26/03/2014 FCM Books
    Dewey Decimal Classification     COMMERCE MANAGEMENT SGT Science & Social Sciences Library SGT Science & Social Sciences Library Text Book 22/06/2016 UBSPD 275.00 SGTU 371551 20   346,MAH CM442 25/01/2021 28/12/2020 26/03/2014 FCM Books